Normal view
MARC view
- الثقافة والعولمة -- البلاد الإسلامية -- مؤتمرات
Entry Topical Term
001 - CONTROL NUMBER
- control field: 52506
003 - CONTROL NUMBER IDENTIFIER
- control field: JO-AjAnu
005 - DATE AND TIME OF LATEST TRANSACTION
- control field: 20230606082629.0
008 - FIXED-LENGTH DATA ELEMENTS
- fixed length control field: 230606|| aca||aabn | a|a d
040 ## - CATALOGING SOURCE
- Original cataloging agency: JO-AjAnu
- Transcribing agency: JO-AjAnu
150 ## - HEADING--TOPICAL TERM
- Topical term or geographic name entry element: الثقافة والعولمة -- البلاد الإسلامية -- مؤتمرات
670 ## - SOURCE DATA FOUND
- Source citation: Work cat.: (JO-AjAnu)26831: تحرير الدغامين ، زياد خليل , author 52505, العولمة وانعكاساتها على العالم الإسلامي في المجالين الثقافي والاقتصادي في الأردن